La protección del medio ambiente (Registro nro. 1505)

Detalles MARC
000 -LEADER
fixed length control field 01364 a2200217 4500
001 - CONTROL NUMBER
control field 26884
005 - DATE AND TIME OF LATEST TRANSACTION
control field 20260407155546.0
008 - FIXED-LENGTH DATA ELEMENTS--GENERAL INFORMATION
fixed length control field 260407a1976 arg spa d
003 - CONTROL NUMBER IDENTIFIER
control field AR-UNSa-BCEJYS
040 ## - CATALOGING SOURCE
Original cataloging agency AR-UNSa-BCEJYS
Language of cataloging spa
Transcribing agency AR-UNSa-BCEJYS
080 ## - UNIVERSAL DECIMAL CLASSIFICATION NUMBER
Universal Decimal Classification number 504.06
Common auxiliary subdivision Protección del medio ambiente. Gestión de la calidad del medio ambiente
020 ## - INTERNATIONAL STANDARD BOOK NUMBER
International Standard Book Number 84-7088-066-7
100 1# - MAIN ENTRY--PERSONAL NAME
Personal name Chanlett, Emil T.
245 10 - TITLE STATEMENT
Title La protección del medio ambiente
264 #1 - PRODUCTION, PUBLICATION, DISTRIBUTION, MANUFACTURE, AND COPYRIGHT NOTICE
Place of production, publication, distribution, manufacture Madrid :
Name of producer, publisher, distributor, manufacturer Instituto de Estudios de Administración Local
Date of production, publication, distribution, manufacture, or copyright notice 1976
300 ## - PHYSICAL DESCRIPTION
Extent 599 p.
Dimensions 25 cm.
505 ## - FORMATTED CONTENTS NOTE
Formatted contents note 1. Los factores de calidad para la protección ambiental - 2. Algunos principios de epidemiología y de las ciencias en que se apoya la protección ambiental - 3. Empleo por el hombre de los recursos de agua - 4. Tratamiento de deyecciones y aguas residuales - 5. Nuestro medio ambiente atmosferico - 6. Administración de los residuos sólidos - 7. Control de los transmisores - 8. Protección de los alimentos desde su producción hasta el consumo - 9. La radiación ionizante y su control - 10. La energía electromagnética en la gama de la luz ultravioleta, la luz visible, los rayos laser, las frecuencias de radio y las microondas - 11. Las energías del calor y del sonido
590 ## - LOCAL NOTE (RLIN)
Local note niveau_biblio:m niveau_hierar:0
700 1# - ADDED ENTRY--PERSONAL NAME
Personal name Vázquez Vaamonde, Alfonso J.
942 ## - ADDED ENTRY ELEMENTS (KOHA)
Koha item type
Existencias
Withdrawn status Lost status Damaged status Not for loan Home library Current library Shelving location Date acquired Total checkouts Full call number Barcode Date last seen Price effective from Koha item type
        Biblioteca Prof. Eusebio Cleto del Rey Biblioteca Prof. Eusebio Cleto del Rey   07/04/2026   504.06 C457 L58468 07/04/2026 07/04/2026 Libro